Sports Quiz

Random Sports or WWE Quiz

WWE Smackdown Main Events 2018 Quiz Stats

 Plays Quiz not verified by Sporcle

Support Sporcle.
Go Orange.
Score 0/169 Timer 10:00
0 Plays Today
Hint Answer % Correct
2/27/2018John Cena
89.2%
1/9/2018 (Three-on-Two No Count Out, No DQ, Handicap Match)Randy Orton
88.4%
10/9/2018 (WWE World Cup Qualifying Match)Randy Orton
88.4%
10/23/2018Randy Orton
88.4%
10/30/2018 (Tag)Randy Orton
88.4%
11/20/2018Randy Orton
88.4%
6/5/2018 (Six Man Tag)Kofi Kingston
88%
7/10/2018 (Ten Man Tag Match)Kofi Kingston
88%
8/7/2018 (SmackDown Tag Team Title #1 Contendership Tournament Final Match)Kofi Kingston
88%
8/21/2018 (No DQ Match for the Smackdown Tag Team Championship)Kofi Kingston
88%
4/10/2018Daniel Bryan
87.6%
4/17/2018 (Tag)Daniel Bryan
87.6%
5/8/2018 (Money in the Bank Qualifying Match)Daniel Bryan
87.6%
5/22/2018Daniel Bryan
87.6%
5/29/2018 (Triple Threat Match to Qualify for Money in the Bank)Daniel Bryan
87.6%
6/19/2018 (Five Man Gauntlet Match to be #1 Contender for the WWE Championship)Daniel Bryan
87.6%
6/26/2018Daniel Bryan
87.6%
7/3/2018 (Tag)Daniel Bryan
87.6%
7/10/2018 (Ten Man Tag Match)Daniel Bryan
87.6%
11/13/2018 (WWE Championship Match)Daniel Bryan
87.6%
12/18/2018 (Tag)Daniel Bryan
87.6%
1/2/2018AJ Styles
86.9%
1/9/2018 (Three-on-Two No Count Out, No DQ, Handicap Match)AJ Styles
86.9%
1/23/2018AJ Styles
86.9%
1/30/2018 (Tag)AJ Styles
86.9%
2/20/2018AJ Styles
86.9%
2/27/2018AJ Styles
86.9%
3/6/2018 (Fatal Five Way Match)AJ Styles
86.9%
4/3/2018 (Tag)AJ Styles
86.9%
4/10/2018AJ Styles
86.9%
4/17/2018 (Tag)AJ Styles
86.9%
4/24/2018 (Six Man Tag)AJ Styles
86.9%
5/15/2018AJ Styles
86.9%
11/13/2018 (WWE Championship Match)AJ Styles
86.9%
12/4/2018AJ Styles
86.9%
12/18/2018 (Tag)AJ Styles
86.9%
6/5/2018 (Six Man Tag)Big E
86.5%
6/19/2018 (Five Man Gauntlet Match to be #1 Contender for the WWE Championship)Big E
86.5%
7/10/2018 (Ten Man Tag Match)Big E
86.5%
7/24/2018 (SmackDown Tag Team Championship Tournament Semi-Final Match)Big E
86.5%
8/7/2018 (SmackDown Tag Team Title #1 Contendership Tournament Final Match)Big E
86.5%
6/5/2018 (Six Man Tag)Xavier Woods
86.1%
7/10/2018 (Ten Man Tag Match)Xavier Woods
86.1%
7/24/2018 (SmackDown Tag Team Championship Tournament Semi-Final Match)Xavier Woods
86.1%
8/21/2018 (No DQ Match for the Smackdown Tag Team Championship)Xavier Woods
86.1%
1/9/2018 (Three-on-Two No Count Out, No DQ, Handicap Match)Kevin Owens
85.7%
1/30/2018 (Tag)Kevin Owens
85.7%
2/6/2018 (Match to be #1 Contender for the WWE Championship)Kevin Owens
85.7%
3/6/2018 (Fatal Five Way Match)Kevin Owens
85.7%
5/1/2018 (Six Woman Tag)Charlotte Flair
85.7%
6/12/2018 (Ten Woman Tag Match)Charlotte Flair
85.7%
7/31/2018 (Match to be #1 Contender for the Smackdown Women's Championship)Charlotte Flair
85.7%
8/28/2018 (Smackdown Women's Championship Match)Charlotte Flair
85.7%
12/11/2018Charlotte Flair
85.7%
1/2/2018Sami Zayn
84.6%
1/9/2018 (Three-on-Two No Count Out, No DQ, Handicap Match)Sami Zayn
84.6%
1/23/2018Sami Zayn
84.6%
Hint Answer % Correct
1/30/2018 (Tag)Sami Zayn
84.6%
2/6/2018 (Match to be #1 Contender for the WWE Championship)Sami Zayn
84.6%
2/13/2018Sami Zayn
84.6%
3/6/2018 (Fatal Five Way Match)Sami Zayn
84.6%
6/5/2018 (Six Man Tag)The MIz
84.6%
6/19/2018 (Five Man Gauntlet Match to be #1 Contender for the WWE Championship)The MIz
84.6%
9/4/2018The MIz
84.6%
10/30/2018 (Tag)The Miz
84.6%
12/4/2018The Miz
84.6%
1/9/2018 (Three-on-Two No Count Out, No DQ, Handicap Match)Shinsuke Nakamura
84.2%
1/30/2018 (Tag)Shinsuke Nakamura
84.2%
3/20/2018 (Tag)Becky Lynch
84.2%
3/27/2018Shinsuke Nakamura
84.2%
4/3/2018 (Tag)Shinsuke Nakamura
84.2%
4/24/2018 (Six Man Tag)Shinsuke Nakamura
84.2%
5/1/2018 (Six Woman Tag)Becky Lynch
84.2%
5/15/2018Shinsuke Nakamura
84.2%
6/12/2018 (Ten Woman Tag Match)Becky Lynch
84.2%
7/17/2018 (United States Championship Match)Shinsuke Nakamura
84.2%
9/25/2018Becky Lynch
84.2%
10/16/2018 (WWE World Cup Qualifying Match)Shinsuke Nakamura
84.2%
12/25/2018 (United States Championship Match)Shinsuke Nakamura
84.2%
7/3/2018 (Tag)Jey Uso
83.8%
7/3/2018 (Tag)Jimmy Uso
83.8%
7/10/2018 (Ten Man Tag Match)Rowan
83.4%
8/21/2018 (No DQ Match for the Smackdown Tag Team Championship)Rowan
83.4%
6/26/2018Luke Harper
83%
7/10/2018 (Ten Man Tag Match)Harper
83%
8/21/2018 (No DQ Match for the Smackdown Tag Team Championship)Harper
83%
2/13/2018Dolph Ziggler
82.6%
3/6/2018 (Fatal Five Way Match)Dolph Ziggler
82.6%
5/22/2018Jeff Hardy
82.2%
7/17/2018 (United States Championship Match)Jeff Hardy
82.2%
8/14/2018Jeff Hardy
82.2%
10/23/2018Jeff Hardy
82.2%
10/30/2018 (Tag)Jeff Hardy
82.2%
11/6/2018 (Match to Qualify for the Men's Smackdown Survivor Series Match)Jeff Hardy
82.2%
1/16/2018 (Tournament Final to Win the Vacant United States Championship)Bobby Roode
81.5%
3/13/2018Carmella
81.5%
5/1/2018 (Six Woman Tag)Carmella
81.5%
6/12/2018 (Ten Woman Tag Match)Carmella
81.5%
7/31/2018 (Match to be #1 Contender for the Smackdown Women's Championship)Carmella
81.5%
8/28/2018 (Smackdown Women's Championship Match)Carmella
81.5%
11/27/2018 (Nine Woman Battle Royal to be #1 Contender for the Smackdown Women's Championship)Carmella
81.5%
4/17/2018 (Tag)Rusev
81.1%
4/24/2018 (Six Man Tag)Rusev
81.1%
5/8/2018 (Money in the Bank Qualifying Match)Rusev
81.1%
6/5/2018 (Six Man Tag)Rusev
81.1%
6/19/2018 (Five Man Gauntlet Match to be #1 Contender for the WWE Championship)Rusev
81.1%
12/25/2018 (United States Championship Match)Rusev
81.1%
3/13/2018Naomi
80.3%
3/20/2018 (Tag)Naomi
80.3%
5/1/2018 (Six Woman Tag)Asuka
80.3%
6/12/2018 (Ten Woman Tag Match)Asuka
80.3%
6/12/2018 (Ten Woman Tag Match)Naomi
80.3%
9/18/2018Asuka
80.3%
10/2/2018Asuka
80.3%
Hint Answer % Correct
11/27/2018 (Nine Woman Battle Royal to be #1 Contender for the Smackdown Women's Championship)Asuka
80.3%
11/27/2018 (Nine Woman Battle Royal to be #1 Contender for the Smackdown Women's Championship)Naomi
80.3%
12/11/2018Asuka
80.3%
2/20/2018Baron Corbin
79.5%
3/6/2018 (Fatal Five Way Match)Baron Corbin
79.5%
1/16/2018 (Tournament Final to Win the Vacant United States Championship)Jinder Mahal
76.8%
8/7/2018 (SmackDown Tag Team Title #1 Contendership Tournament Final Match)Cesaro
74.5%
8/7/2018 (SmackDown Tag Team Title #1 Contendership Tournament Final Match)Sheamus
74.5%
5/29/2018 (Triple Threat Match to Qualify for Money in the Bank)Samoa Joe
74.1%
6/5/2018 (Six Man Tag)Samoa Joe
74.1%
6/19/2018 (Five Man Gauntlet Match to be #1 Contender for the WWE Championship)Samoa Joe
74.1%
11/6/2018 (Match to Qualify for the Men's Smackdown Survivor Series Match)Samoa Joe
74.1%
10/16/2018 (WWE World Cup Qualifying Match)Rey Mysterio
73.7%
10/30/2018 (Tag)Rey Mysterio
73.7%
11/20/2018Rey Mysterio
73.7%
7/3/2018 (Tag)Kane
71.8%
7/10/2018 (Ten Man Tag Match)Kane
71.8%
6/12/2018 (Ten Woman Tag Match)Mandy Rose
70.7%
11/27/2018 (Nine Woman Battle Royal to be #1 Contender for the Smackdown Women's Championship)Mandy Rose
70.7%
6/12/2018 (Ten Woman Tag Match)Sonya Deville
69.1%
11/27/2018 (Nine Woman Battle Royal to be #1 Contender for the Smackdown Women's Championship)Sonya Deville
69.1%
4/17/2018 (Tag)Aiden English
68.3%
4/24/2018 (Six Man Tag)Aiden English
68.3%
4/3/2018 (Tag)Chad Gable
68%
4/24/2018 (Six Man Tag)Karl Anderson
66%
4/24/2018 (Six Man Tag)Luke Gallows
66%
3/27/2018Shelton Benjamin
63.7%
4/3/2018 (Tag)Shelton Benjamin
63.7%
8/14/2018Shelton Benjamin
63.7%
5/1/2018 (Six Woman Tag)Peyton Royce
63.3%
6/12/2018 (Ten Woman Tag Match)Peyton Royce
63.3%
10/2/2018Peyton Royce
63.3%
11/27/2018 (Nine Woman Battle Royal to be #1 Contender for the Smackdown Women's Championship)Peyton Royce
63.3%
3/20/2018 (Tag)Liv Morgan
62.9%
5/1/2018 (Six Woman Tag)Billie Kay
62.5%
6/12/2018 (Ten Woman Tag Match)Billie Kay
62.5%
9/18/2018Billie Kay
62.5%
11/27/2018 (Nine Woman Battle Royal to be #1 Contender for the Smackdown Women's Championship)Billie Kay
62.5%
3/20/2018 (Tag)Sarah Logan
61.8%
12/18/2018 (Tag)Mustafa Ali
58.7%
6/12/2018 (Ten Woman Tag Match)Lana
58.3%
9/25/2018Lana
58.3%
11/27/2018 (Nine Woman Battle Royal to be #1 Contender for the Smackdown Women's Championship)Lana
58.3%
12/18/2018 (Tag)Andrade 'Cien' Almas
56.4%
10/9/2018 (WWE World Cup Qualifying Match)The Big Show
54.1%
5/29/2018 (Triple Threat Match to Qualify for Money in the Bank)Big Cass
51.4%
9/4/2018R-Truth
51.4%
7/10/2018 (Ten Man Tag Match)Eric Young
50.6%
9/11/2018Brie Bella
48.6%
7/10/2018 (Ten Man Tag Match)Killian Dain
46.7%
7/24/2018 (SmackDown Tag Team Championship Tournament Semi-Final Match)Killian Dain
46.7%
7/10/2018 (Ten Man Tag Match)Alexander Wolfe
46.3%
7/24/2018 (SmackDown Tag Team Championship Tournament Semi-Final Match)Alexander Wolfe
46.3%
9/11/2018Maryse
37.5%
11/27/2018 (Nine Woman Battle Royal to be #1 Contender for the Smackdown Women's Championship)Zelina Vega
34%

You're not logged in!

Compare scores with friends on all Sporcle quizzes.
OR
Log In

From the Vault

Sunday Crossword: Winter Wonderland

by rer2121

It's a winter wonderland until we're all snowed in without power.
Remove Ads.
Support Sporcle.
Get the best of Sporcle when you Go Orange. This ad-free experience offers more features, more stats, and more fun while also helping to support Sporcle. Thank you for becoming a member.

Show Comments

Extras

Created Feb 19, 2020ReportNominate
Tags:WWE Quiz, 2018, Event, Smackdown

Top Quizzes Today


Score Distribution

Your Account Isn't Verified!

In order to create a playlist on Sporcle, you need to verify the email address you used during registration. Go to your Sporcle Settings to finish the process.

Report this User

Report this user for behavior that violates our Community Guidelines.

Details: